[Event "II. CLANSKA LIGA ZAHOD 2025"]
[Site "Komenda"]
[Date "2025.11.16"]
[Round "4.5"]
[White "Azinovic, Igor"]
[Black "Bobnar, Samo"]
[Result "0-1"]
[WhiteElo "1787"]
[BlackElo "1929"]
[PlyCount "116"]
[EventDate "2025.11.14"]
[WhiteTeam "SK DOL PRI LJUBLJANI"]
[BlackTeam "DRUSTVO TOMO ZUPAN"]

1. e4 d5 2. exd5 Nf6 3. Nf3 Qxd5 4. Nc3 Qh5 5. d4 Nc6 6. Be2 Bg4 7. h3 O-O-O 8.
O-O Nxd4 9. Nxd4 Bxe2 10. Qxe2 Rxd4 11. Qxh5 Nxh5 12. Be3 Rd7 13. Ne4 e5 14. a4
Be7 15. Nc5 Bxc5 16. Bxc5 Rd2 17. Rac1 Rhd8 18. Be3 R2d6 19. Rfe1 a5 20. Bg5 f6
21. Be3 g5 22. g3 h6 23. Re2 f5 24. Bc5 Rd5 25. Be7 Re8 26. Ba3 Nf6 27. Rce1
Ne4 28. g4 Nd2 29. Kg2 f4 30. Kh1 Nf3 31. Rc1 e4 32. b3 Nd4 33. Rd1 c6 34. Red2
e3 35. fxe3 fxe3 36. Rxd4 Rxd4 37. Re1 e2 38. Bc5 Rd1 39. Bf2 Rxe1+ 40. Bxe1
Kd7 41. Kg2 Kd6 42. Kf2 b6 43. c4 Kc5 44. Bc3 e1=Q+ 45. Bxe1 Rxe1 46. Kxe1 Kb4
47. Kd2 Kxb3 48. Kd3 c5 49. Ke4 Kxc4 50. Kf5 Kd3 51. Kg6 c4 52. Kxh6 c3 53.
Kxg5 c2 54. h4 c1=Q+ 55. Kg6 Qf4 56. Kh5 Ke4 57. g5 Kf5 58. g6 Qd6 0-1

[Event "II. CLANSKA LIGA ZAHOD 2025"]
[Site "Komenda"]
[Date "2025.11.16"]
[Round "4.5"]
[White "Bobnar, Vid"]
[Black "Kosem, Rok"]
[Result "1/2-1/2"]
[WhiteElo "1714"]
[BlackElo "1765"]
[PlyCount "116"]
[EventDate "2025.11.14"]
[WhiteTeam "DRUSTVO TOMO ZUPAN"]
[BlackTeam "SK DOL PRI LJUBLJANI"]

1. e4 c5 2. Nc3 Nc6 3. f4 g6 4. Nf3 Bg7 5. Bb5 Nd4 6. Bc4 e6 7. a4 Ne7 8. e5 d5
9. Bb5+ Nec6 10. b3 O-O 11. Bxc6 Nxf3+ 12. Qxf3 bxc6 13. Ba3 Qa5 14. Qf2 Rd8
15. Bxc5 Bf8 16. Bxf8 Rxf8 17. O-O Ba6 18. Rfd1 f6 19. Qe1 fxe5 20. Qxe5 Rae8
21. d3 Rf5 22. Qe1 Rxf4 23. Ne2 Qb6+ 24. Kh1 Rf6 25. Ng3 Ref8 26. Qe2 Bc8 27.
Rf1 Rf2 28. Rxf2 Rxf2 29. Qd1 Qe3 30. Nf1 Qf4 31. Kg1 Qf6 32. Rc1 e5 33. Qe1
Rf4 34. Ng3 Qe7 35. Qd2 Qc5+ 36. Kh1 Rf2 37. Qd1 h5 38. d4 exd4 39. Qd3 Bf5 40.
Nxf5 Rxf5 41. h3 Kg7 42. Rd1 Rf2 43. Rd2 Rxd2 44. Qxd2 Qc3 45. Qe2 Qe3 46. Qd1
a5 47. Qf1 c5 48. Kh2 Qc3 49. Qe2 Qe3 50. Qf1 Qe6 51. Qb5 c4 52. Qxa5 Qe5+ 53.
Kg1 Qe3+ 54. Kh2 Qf4+ 55. Kg1 Qc1+ 56. Kh2 Qxc2 57. Qc7+ Kh6 58. Qf4+ Kh7
1/2-1/2

[Event "II. CLANSKA LIGA ZAHOD 2025"]
[Site "Komenda"]
[Date "2025.11.16"]
[Round "5.1"]
[White "Markoja Jeraj, Sebastijan"]
[Black "Skrbec, Leon"]
[Result "1/2-1/2"]
[WhiteElo "2212"]
[BlackElo "2276"]
[PlyCount "101"]
[EventDate "2025.11.14"]
[WhiteTeam "SK DOL PRI LJUBLJANI"]
[BlackTeam "SK POSTOJNA"]

1. e4 c6 2. Nc3 d5 3. Qe2 d4 4. Nd1 e5 5. d3 c5 6. g3 Nc6 7. f4 Bd6 8. Nf3 Nge7
9. Nf2 Qc7 10. f5 Bd7 11. g4 O-O-O 12. g5 Kb8 13. Bh3 Nc8 14. f6 g6 15. Bxd7
Qxd7 16. h4 Nb6 17. Kf1 Rc8 18. b3 Qe6 19. Kg2 Nd7 20. h5 Rhg8 21. hxg6 hxg6
22. Bd2 b6 23. Kg3 Rc7 24. Ng4 Rgc8 25. Rh7 Nf8 26. Rh2 a6 27. a4 Rb7 28. Rhh1
Qd7 29. Rh8 b5 30. axb5 axb5 31. Rhh1 Ne6 32. Nf2 Ra7 33. Rhb1 Rxa1 34. Rxa1
Kb7 35. Kg2 Rh8 36. Qf1 Rh5 37. Qc1 Rh8 38. Qa3 Nc7 39. Qc1 Qe6 40. Qb1 Rb8 41.
Kf1 Kc8 42. Qa2 Kd7 43. Ke2 c4 44. bxc4 Ra8 45. Qb1 Rxa1 46. Qxa1 bxc4 47. Qa4
cxd3+ 48. cxd3 Qe8 49. Ng4 Qe6 50. Nf2 Qe8 51. Ng4 1/2-1/2

[Event "II. CLANSKA LIGA ZAHOD 2025"]
[Site "Komenda"]
[Date "2025.11.16"]
[Round "5.1"]
[White "Hrescak, Ivana"]
[Black "Kampus, Andrej"]
[Result "1/2-1/2"]
[WhiteElo "2120"]
[BlackElo "2066"]
[PlyCount "70"]
[EventDate "2025.11.14"]
[WhiteTeam "SK POSTOJNA"]
[BlackTeam "SK DOL PRI LJUBLJANI"]

1. Nf3 d5 2. g3 Nf6 3. Bg2 e6 4. d3 c5 5. Nbd2 Nc6 6. e4 Qc7 7. c3 b6 8. Qa4
Bd6 9. O-O O-O 10. Re1 Bb7 11. Nf1 h6 12. Ne3 a6 13. exd5 Nxd5 14. Nxd5 exd5
15. Qg4 f5 16. Qh5 Qf7 17. Qxf7+ Kxf7 18. Bh3 Kf6 19. Bd2 Rae8 20. Bf1 g5 21.
Rxe8 Rxe8 22. Re1 Rxe1 23. Nxe1 Bc8 24. Be2 Be6 25. Nc2 d4 26. c4 Bc8 27. f4
gxf4 28. gxf4 Bb7 29. Kf2 Nd8 30. Bf3 Bxf3 31. Kxf3 Ne6 32. Ne1 a5 33. b3 Nc7
34. Nc2 Be7 35. a4 Ke6 1/2-1/2

[Event "II. CLANSKA LIGA ZAHOD 2025"]
[Site "Komenda"]
[Date "2025.11.16"]
[Round "5.1"]
[White "Arlic, Nejc"]
[Black "Cepon, Dusan"]
[Result "1/2-1/2"]
[WhiteElo "1838"]
[BlackElo "2012"]
[PlyCount "97"]
[EventDate "2025.11.14"]
[WhiteTeam "SK DOL PRI LJUBLJANI"]
[BlackTeam "SK POSTOJNA"]

1. e4 c5 2. c3 Nf6 3. e5 Nd5 4. Bc4 Nb6 5. Bb3 c4 6. Bc2 Nc6 7. Nf3 g6 8. b3
Bg7 9. bxc4 Nxe5 10. Nxe5 Bxe5 11. d4 Bg7 12. Bb3 d6 13. Ba3 O-O 14. O-O Bf5
15. c5 dxc5 16. Bxc5 Qc7 17. Re1 Nc8 18. Bc2 Bxc2 19. Qxc2 b6 20. Ba3 Rb8 21.
Qb3 Rb7 22. Nd2 Rd8 23. Nf3 e6 24. Rac1 Nd6 25. c4 Nf5 26. d5 e5 27. Rcd1 f6
28. Nd2 Qd7 29. Ne4 Qf7 30. g4 Nd4 31. Rxd4 exd4 32. Nd6 Rxd6 33. Bxd6 h6 34.
Qd3 f5 35. gxf5 Qxf5 36. Qxf5 gxf5 37. Re7 Rxe7 38. Bxe7 Kf7 39. Bd6 d3 40. Kf1
Bd4 41. f3 h5 42. Ke1 Be3 43. Bb4 Kf6 44. Bc3+ Ke7 45. Be5 Kd7 46. a4 Kc8 47.
h3 Kd7 48. Kd1 Ke7 49. f4 1/2-1/2

[Event "II. CLANSKA LIGA ZAHOD 2025"]
[Site "Komenda"]
[Date "2025.11.16"]
[Round "5.1"]
[White "Beber, Anja"]
[Black "Azinovic, Igor"]
[Result "1-0"]
[WhiteElo "1930"]
[BlackElo "1787"]
[PlyCount "69"]
[EventDate "2025.11.14"]
[WhiteTeam "SK POSTOJNA"]
[BlackTeam "SK DOL PRI LJUBLJANI"]

1. d4 c5 2. e3 Nf6 3. Nf3 g6 4. b3 Bg7 5. Bb2 O-O 6. Be2 d5 7. O-O cxd4 8. exd4
Nc6 9. c4 Bf5 10. Nbd2 Ne4 11. Re1 Qb6 12. cxd5 Nb4 13. Nc4 Qd8 14. Nh4 Nxd5
15. Nxf5 gxf5 16. Rc1 e6 17. Bf3 Nef6 18. Ba3 Re8 19. g3 Bf8 20. Bb2 Kh8 21.
Ne5 Qe7 22. Qd2 Bg7 23. Qa5 Bh6 24. Ba3 b6 25. Bxe7 bxa5 26. Bxf6+ Nxf6 27.
Nxf7+ Kg7 28. Nxh6 Rad8 29. Bc6 Rf8 30. Rxe6 Kxh6 31. d5 Kg7 32. d6 Rc8 33. d7
Nxd7 34. Re7+ Rf7 35. Rxf7+ 1-0

[Event "II. CLANSKA LIGA ZAHOD 2025"]
[Site "Komenda"]
[Date "2025.11.16"]
[Round "5.1"]
[White "Kosem, Rok"]
[Black "Markovcic, Gregor"]
[Result "0-1"]
[WhiteElo "1765"]
[BlackElo "1730"]
[PlyCount "98"]
[EventDate "2025.11.14"]
[WhiteTeam "SK DOL PRI LJUBLJANI"]
[BlackTeam "SK POSTOJNA"]

1. c4 Nf6 2. Nc3 g6 3. g3 Bg7 4. Bg2 O-O 5. e4 e5 6. Nge2 d6 7. O-O Be6 8. d3
Nfd7 9. Be3 c6 10. Qd2 Na6 11. Rab1 f5 12. b4 fxe4 13. Nxe4 d5 14. Ng5 Qe7 15.
Nxe6 Qxe6 16. cxd5 cxd5 17. Nc3 Nc7 18. d4 e4 19. Na4 b6 20. Rbc1 Nb5 21. Nb2
Nd6 22. Rc6 Rac8 23. Rfc1 Rxc6 24. Rxc6 Rc8 25. Qc1 Nb8 26. Rc7 Na6 27. Rxc8+
Qxc8 28. Qxc8+ Nxc8 29. Bh3 Ne7 30. Be6+ Kf8 31. a3 Ke8 32. Nd1 Nc7 33. Bg4 Nb5
34. a4 Nxd4 35. Bxd4 Bxd4 36. Ne3 Bxe3 37. fxe3 Nc6 38. b5 Nb4 39. Kf1 Ke7 40.
Bd1 Kd6 41. Ke2 Kc5 42. Kd2 Kc4 43. Be2+ Nd3 44. Kc2 Kb4 45. Bxd3 exd3+ 46.
Kxd3 Kxa4 47. Kd4 Kxb5 48. Kxd5 a5 49. e4 a4 0-1

[Event "II. CLANSKA LIGA ZAHOD 2025"]
[Site "Komenda"]
[Date "2025.11.16"]
[Round "5.1"]
[White "Usaj, Benjamin"]
[Black "Repe, Jure"]
[Result "0-1"]
[WhiteElo "1691"]
[BlackElo "1763"]
[PlyCount "98"]
[EventDate "2025.11.14"]
[WhiteTeam "SK POSTOJNA"]
[BlackTeam "SK DOL PRI LJUBLJANI"]

1. e4 e5 2. Nf3 Nc6 3. Nc3 Nf6 4. d4 exd4 5. Nxd4 Bb4 6. Nxc6 bxc6 7. Bd3 d5 8.
Bd2 O-O 9. O-O Re8 10. exd5 cxd5 11. a3 Bf8 12. Bg5 c6 13. Qf3 h6 14. Bxf6 Qxf6
15. Qxf6 gxf6 16. Rfe1 Be6 17. h3 c5 18. Bb5 Red8 19. Bf1 Rab8 20. Nd1 c4 21.
g4 Bc5 22. Kg2 Kg7 23. f4 f5 24. g5 hxg5 25. fxg5 Rh8 26. Rb1 f4 27. Kh2 Rh5
28. g6 Kxg6 29. Nc3 f3 30. Na4 Bf2 31. Red1 Rxh3+ 32. Bxh3 Rh8 33. Rg1+ Kf6 34.
Rg3 Bxg3+ 35. Kxg3 Rxh3+ 36. Kf2 Bg4 37. Nc3 Ke6 38. Re1+ Kd6 39. Nb5+ Kc5 40.
Nc3 Be6 41. Na4+ Kc6 42. Nc3 Rh2+ 43. Kxf3 Rxc2 44. Re2 Rxe2 45. Kxe2 d4 46.
Ne4 a5 47. Ng5 Kd5 48. Nxe6 fxe6 49. b4 cxb3 0-1

[Event "II. CLANSKA LIGA ZAHOD 2025"]
[Site "Komenda"]
[Date "2025.11.16"]
[Round "5.2"]
[White "Rodman, Franc"]
[Black "Demsar, Maks"]
[Result "0-1"]
[WhiteElo "1978"]
[BlackElo "2116"]
[PlyCount "68"]
[EventDate "2025.11.14"]
[WhiteTeam "SD JESENICE"]
[BlackTeam "DRUSTVO TOMO ZUPAN"]

1. d4 Nf6 2. Nf3 c5 3. d5 b5 4. c4 g6 5. cxb5 a6 6. bxa6 Bg7 7. Nc3 O-O 8. e4
Qa5 9. Nd2 Bxa6 10. Be2 Bxe2 11. Qxe2 d6 12. O-O Nbd7 13. Nc4 Qa6 14. Re1 Rfb8
15. Bd2 Nb6 16. Nxb6 Rxb6 17. Qxa6 Raxa6 18. Rab1 Nd7 19. f4 Rb8 20. Rec1 Ra7
21. Rc2 c4 22. Be3 Ra5 23. Ne2 Rxa2 24. Rxc4 Raxb2 25. Rxb2 Bxb2 26. Nd4 Bxd4
27. Bxd4 f6 28. Kf2 Kf7 29. Rc7 Ke8 30. Ke3 Rb3+ 31. Rc3 Rb5 32. Rc8+ Kf7 33.
Rh8 Nf8 34. g4 Kg7 0-1

[Event "II. CLANSKA LIGA ZAHOD 2025"]
[Site "Komenda"]
[Date "2025.11.16"]
[Round "5.2"]
[White "Rozman, Mitja"]
[Black "Jeraj, Zlatko"]
[Result "0-1"]
[WhiteElo "1983"]
[BlackElo "2001"]
[PlyCount "66"]
[EventDate "2025.11.14"]
[WhiteTeam "DRUSTVO TOMO ZUPAN"]
[BlackTeam "SD JESENICE"]

1. Nf3 Nf6 2. g3 g6 3. Bg2 Bg7 4. O-O O-O 5. c3 c5 6. d4 cxd4 7. cxd4 d5 8. Nc3
Nc6 9. Ne5 e6 10. Nxc6 bxc6 11. Na4 Nd7 12. Bf4 e5 13. dxe5 Nxe5 14. Rc1 Bd7
15. Nc5 Rc8 16. Qa4 Rc7 17. Rfd1 Re8 18. Nd3 g5 19. Bxe5 Bxe5 20. Qa5 Bd6 21.
Nc5 Rxe2 22. Ne4 Be5 23. Re1 Rxe1+ 24. Rxe1 h6 25. Nc3 Qf6 26. Bxd5 Bxc3 27.
bxc3 Qd6 28. Bb3 c5 29. Rd1 Qe5 30. Rd5 Qe1+ 31. Kg2 Qe4+ 32. Kg1 Bh3 33. Rd8+
Kg7 0-1

[Event "II. CLANSKA LIGA ZAHOD 2025"]
[Site "Komenda"]
[Date "2025.11.16"]
[Round "5.2"]
[White "Pazlar, Marko"]
[Black "Mlacnik, Franc"]
[Result "1-0"]
[WhiteElo "1977"]
[BlackElo "1972"]
[PlyCount "73"]
[EventDate "2025.11.14"]
[WhiteTeam "SD JESENICE"]
[BlackTeam "DRUSTVO TOMO ZUPAN"]

1. Nf3 d6 2. d4 f5 3. g3 Nf6 4. Bg2 g6 5. O-O Bg7 6. c4 O-O 7. Nc3 c6 8. b3 Qa5
9. Bb2 e5 10. dxe5 dxe5 11. Qe1 Qc7 12. e4 fxe4 13. Nxe4 Nxe4 14. Qxe4 Bf5 15.
Qe2 Nd7 16. Ng5 h6 17. Ne4 Nf6 18. Rad1 Nxe4 19. Bxe4 Rad8 20. Kg2 Qf7 21. f3
h5 22. Ba3 Rfe8 23. g4 Bc8 24. Bc5 Rxd1 25. Rxd1 hxg4 26. fxg4 Bh6 27. Bxa7 Bf4
28. h3 Qf6 29. Bc5 Kf7 30. Rd6 Be6 31. Qd3 Rh8 32. Bxg6+ Kg7 33. Qe4 Qh4 34.
Qf3 Bc8 35. Bf5 Bxf5 36. gxf5 Rg8 37. Rg6+ 1-0

[Event "II. CLANSKA LIGA ZAHOD 2025"]
[Site "Komenda"]
[Date "2025.11.16"]
[Round "5.2"]
[White "Bobnar, Samo"]
[Black "Ravnik, Franc"]
[Result "1-0"]
[WhiteElo "1929"]
[BlackElo "1832"]
[PlyCount "35"]
[EventDate "2025.11.14"]
[WhiteTeam "DRUSTVO TOMO ZUPAN"]
[BlackTeam "SD JESENICE"]

1. e4 e5 2. Nc3 g6 3. f4 d6 4. Nf3 Bg7 5. Bc4 Be6 6. Bxe6 fxe6 7. fxe5 dxe5 8.
d3 c5 9. Be3 b6 10. O-O Nc6 11. Ng5 Bh6 12. Qf3 Qe7 13. Nf7 Nd4 14. Bxd4 exd4
15. Nb5 Bg7 16. Nxh8 Bxh8 17. e5 Rd8 18. Qc6+ 1-0

[Event "II. CLANSKA LIGA ZAHOD 2025"]
[Site "Komenda"]
[Date "2025.11.16"]
[Round "5.2"]
[White "Kljucanin, Fahrudin"]
[Black "Bobnar, Vid"]
[Result "0-1"]
[WhiteElo "1677"]
[BlackElo "1714"]
[PlyCount "87"]
[EventDate "2025.11.14"]
[WhiteTeam "SD JESENICE"]
[BlackTeam "DRUSTVO TOMO ZUPAN"]

1. d4 Nf6 2. c4 e6 3. a3 d5 4. c5 Be7 5. Nc3 O-O 6. h3 c6 7. Bf4 Nbd7 8. Nf3 h6
9. e3 Ne4 10. Nxe4 dxe4 11. Nd2 f5 12. Bc4 Nf6 13. O-O Nd5 14. Bh2 Qe8 15. b4
a6 16. Qb3 Bg5 17. Rae1 Bd7 18. Be2 Bf6 19. Nc4 Be7 20. Ne5 Bf6 21. Nc4 Be7 22.
a4 Kh7 23. Bd6 g5 24. f3 exf3 25. Bxf3 Bxd6 26. Nxd6 Qb8 27. e4 fxe4 28. Bxe4+
Kg8 29. Bxd5 cxd5 30. Qd3 Rxf1+ 31. Rxf1 Be8 32. Qf3 Bg6 33. Qf6 Kh7 34. Qxe6
Qc7 35. Qxd5 Rb8 36. Qe5 Qd7 37. b5 Rg8 38. Re1 Rg7 39. d5 axb5 40. axb5 g4 41.
g3 gxh3 42. c6 bxc6 43. bxc6 Qa7+ 44. Kh2 0-1

[Event "II. CLANSKA LIGA ZAHOD 2025"]
[Site "Komenda"]
[Date "2025.11.16"]
[Round "5.3"]
[White "Simnic, Franci"]
[Black "Kerma, Simon"]
[Result "0-1"]
[WhiteElo "1834"]
[BlackElo "2075"]
[PlyCount "52"]
[EventDate "2025.11.14"]
[WhiteTeam "SD RADOVLJICA"]
[BlackTeam "SK VAL KOPER"]

1. d4 Nf6 2. c4 e6 3. a3 c5 4. d5 exd5 5. cxd5 d6 6. e4 g6 7. Nc3 Bg7 8. Qa4+
Nbd7 9. Nb5 O-O 10. f3 a6 11. Nc3 b5 12. Qc2 Re8 13. b4 Nxd5 14. Nxd5 Bxa1 15.
Bb2 Bxb2 16. Qxb2 Bb7 17. Nf4 Qf6 18. Qd2 d5 19. Kf2 Qd4+ 20. Qxd4 cxd4 21.
exd5 Re3 22. h4 Nb6 23. h5 Nxd5 24. Nfe2 d3 25. Nd4 d2 26. Be2 Rd3 0-1

[Event "II. CLANSKA LIGA ZAHOD 2025"]
[Site "Komenda"]
[Date "2025.11.16"]
[Round "5.3"]
[White "Starc, Enej"]
[Black "Krivec, Metod"]
[Result "1/2-1/2"]
[WhiteElo "1961"]
[BlackElo "1840"]
[PlyCount "72"]
[EventDate "2025.11.14"]
[WhiteTeam "SK VAL KOPER"]
[BlackTeam "SD RADOVLJICA"]

1. d4 g6 2. e4 d6 3. Nf3 Bg7 4. Bd3 Nc6 5. c3 e5 6. Be3 Nf6 7. h3 O-O 8. d5 Ne7
9. Ng1 c5 10. c4 Ne8 11. Nc3 f5 12. Qc2 a6 13. f3 Bd7 14. Nge2 Rb8 15. a4 b6
16. h4 Nc7 17. Kd2 b5 18. b3 bxc4 19. bxc4 Ne8 20. a5 Nf6 21. Rhb1 Qc7 22. Ke1
fxe4 23. Bxe4 Rxb1+ 24. Qxb1 Rb8 25. Qc2 Nf5 26. Bf2 Nxe4 27. Nxe4 Rb4 28. Kf1
Qb8 29. Nd2 e4 30. Ra3 Rb2 31. Rb3 Rxb3 32. Qxb3 Qxb3 33. Nxb3 exf3 34. gxf3
Ba4 35. Nd2 Kf7 36. Ne4 Ke7 1/2-1/2

[Event "II. CLANSKA LIGA ZAHOD 2025"]
[Site "Komenda"]
[Date "2025.11.16"]
[Round "5.3"]
[White "Torkar, Boris"]
[Black "Ivanovic, Andrej"]
[Result "1/2-1/2"]
[WhiteElo "1858"]
[BlackElo "2016"]
[PlyCount "70"]
[EventDate "2025.11.14"]
[WhiteTeam "SD RADOVLJICA"]
[BlackTeam "SK VAL KOPER"]

1. d4 Nf6 2. c4 g6 3. e3 Bg7 4. Nf3 O-O 5. Be2 c5 6. Nc3 cxd4 7. exd4 d5 8. c5
Nc6 9. O-O Ne4 10. h3 e6 11. Be3 f5 12. Qc1 Qf6 13. g3 Bd7 14. Bb5 Rfc8 15.
Bxc6 Nxc3 16. Qxc3 Bxc6 17. Bf4 Qd8 18. Rfe1 Bd7 19. Ne5 Bxe5 20. Bxe5 Kf7 21.
Qe3 g5 22. Kg2 Qg8 23. Kh2 Qg6 24. h4 gxh4 25. gxh4 Rg8 26. Rg1 Qh5 27. Qf4 h6
28. Rxg8 Rxg8 29. Rg1 Rxg1 30. Kxg1 Qd1+ 31. Kg2 Bb5 32. Qxh6 Qf1+ 33. Kh2
Qxf2+ 34. Kh1 Qf1+ 35. Kh2 Qf2+ 1/2-1/2

[Event "II. CLANSKA LIGA ZAHOD 2025"]
[Site "Komenda"]
[Date "2025.11.16"]
[Round "5.3"]
[White "Cepin, Nik"]
[Black "Bec, Alojz"]
[Result "0-1"]
[WhiteElo "1719"]
[BlackElo "1865"]
[PlyCount "50"]
[EventDate "2025.11.14"]
[WhiteTeam "SK VAL KOPER"]
[BlackTeam "SD RADOVLJICA"]

1. e4 c5 2. Nf3 Nc6 3. Bb5 d6 4. O-O Bd7 5. c3 e6 6. d4 cxd4 7. cxd4 a6 8. Ba4
Be7 9. d5 Na7 10. dxe6 fxe6 11. Bb3 Nf6 12. Re1 O-O 13. Ng5 Qc8 14. e5 Ne8 15.
exd6 Bxg5 16. Bxg5 Qc5 17. Be7 Rxf2 18. Kh1 Bc6 19. Bxe6+ Kh8 20. Bh3 Nxd6 21.
Qxd6 Qc2 22. Na3 Qxb2 23. Rf1 Rxg2 24. Bd8 Rxh2+ 25. Kg1 Rh1# 0-1

[Event "II. CLANSKA LIGA ZAHOD 2025"]
[Site "Komenda"]
[Date "2025.11.16"]
[Round "5.3"]
[White "Blaznik, Vojko"]
[Black "Cepin, Drago"]
[Result "1/2-1/2"]
[WhiteElo "1791"]
[BlackElo "1710"]
[PlyCount "55"]
[EventDate "2025.11.14"]
[WhiteTeam "SD RADOVLJICA"]
[BlackTeam "SK VAL KOPER"]

1. e4 d5 2. e5 c5 3. c3 Nc6 4. d4 cxd4 5. cxd4 Qb6 6. Nf3 Bg4 7. Nc3 Bxf3 8.
Qxf3 Qxd4 9. Qxd5 Qxd5 10. Nxd5 O-O-O 11. Nc3 Nxe5 12. Be3 a6 13. Be2 Nd3+ 14.
Bxd3 Rxd3 15. O-O Nf6 16. Rac1 Kb8 17. h3 e6 18. Na4 Be7 19. Bf4+ Bd6 20. Be3
Nd5 21. Nc5 Nxe3 22. fxe3 Bxc5 23. Rxc5 f6 24. Rc3 Rd2 25. Rf2 Rhd8 26. Rb3
Rxf2 27. Kxf2 Rd2+ 28. Kf3 1/2-1/2

[Event "II. CLANSKA LIGA ZAHOD 2025"]
[Site "Komenda"]
[Date "2025.11.16"]
[Round "5.4"]
[White "Zirkelbach, Maj"]
[Black "Cibej, Marjan"]
[Result "0-1"]
[WhiteElo "2260"]
[BlackElo "2100"]
[PlyCount "78"]
[EventDate "2025.11.14"]
[WhiteTeam "SD KRKA NOVO MESTO"]
[BlackTeam "SK RIMEX ILIRSKA BISTRICA"]

1. d4 d5 2. c4 Bf5 3. Nc3 e6 4. Nf3 c6 5. Qb3 Qb6 6. c5 Qc7 7. g3 Be7 8. Bf4
Qc8 9. g4 Bxg4 10. Ne5 Bh5 11. e4 Nf6 12. Bh3 O-O 13. exd5 cxd5 14. Nb5 Nc6 15.
Rc1 Nxe5 16. Bxe5 Qc6 17. Rg1 g6 18. Bf1 a6 19. Nd6 Nd7 20. Qxb7 Nxe5 21. dxe5
Qa4 22. Qb3 Qf4 23. Qe3 Qh4 24. Rg3 Qxh2 25. Qd4 f6 26. Rc2 fxe5 27. Qxe5 Bg4
28. Qe3 Qh5 29. Qd4 Bf3 30. Bh3 e5 31. Qe3 d4 32. Qb3+ Kg7 33. Qe6 Bh4 34. Nf5+
Rxf5 35. Qxf5 Qxf5 36. Bxf5 Bxg3 37. Bd7 Bf4 38. Rc4 Ra7 39. c6 d3 0-1

[Event "II. CLANSKA LIGA ZAHOD 2025"]
[Site "Komenda"]
[Date "2025.11.16"]
[Round "5.4"]
[White "Sajn, Simon"]
[Black "Kastelic, Marjan"]
[Result "0-1"]
[WhiteElo "2084"]
[BlackElo "2242"]
[PlyCount "78"]
[EventDate "2025.11.14"]
[WhiteTeam "SK RIMEX ILIRSKA BISTRICA"]
[BlackTeam "SD KRKA NOVO MESTO"]

1. d4 Nf6 2. Nf3 b6 3. g3 Bb7 4. Bg2 e6 5. O-O c5 6. c4 cxd4 7. Nxd4 Bxg2 8.
Kxg2 Nc6 9. Nc3 Be7 10. e4 O-O 11. b3 Qc8 12. Ndb5 a6 13. Nd4 Bb4 14. Nce2 b5
15. cxb5 axb5 16. Nxb5 Nxe4 17. f3 Nf6 18. Bb2 d5 19. Qd3 Qb8 20. Rfc1 Rc8 21.
a4 e5 22. Qf5 d4 23. Kh1 Qb7 24. Rc4 Ne7 25. Rxc8+ Rxc8 26. Qd3 Ned5 27. Rc1
Rd8 28. Ng1 Ne3 29. h3 e4 30. Qe2 Nf5 31. Kg2 d3 32. Qf2 e3 33. Qf1 e2 34. Qf2
Qe7 35. Nc3 Bxc3 36. Bxc3 Ne3+ 37. Kh2 Nd1 38. Qe1 Nxc3 39. Qxc3 d2 0-1

[Event "II. CLANSKA LIGA ZAHOD 2025"]
[Site "Komenda"]
[Date "2025.11.16"]
[Round "5.4"]
[White "Zupancic, Jernej"]
[Black "Solmajer, Luka"]
[Result "1-0"]
[WhiteElo "2197"]
[BlackElo "2004"]
[PlyCount "73"]
[EventDate "2025.11.14"]
[WhiteTeam "SD KRKA NOVO MESTO"]
[BlackTeam "SK RIMEX ILIRSKA BISTRICA"]

1. d4 d5 2. Nf3 Nf6 3. e3 c5 4. b3 Nc6 5. Bb2 Bf5 6. Bd3 Bxd3 7. Qxd3 cxd4 8.
exd4 e6 9. O-O Bd6 10. a3 O-O 11. Nbd2 Nd7 12. Rfe1 Qf6 13. c4 dxc4 14. Nxc4
Bc7 15. d5 Nc5 16. Qe3 Qe7 17. dxc6 bxc6 18. Bd4 Nb7 19. b4 a5 20. bxa5 Nxa5
21. Nxa5 Rxa5 22. Rec1 Bd6 23. a4 c5 24. Bc3 Ra6 25. Be5 Rc8 26. Bxd6 Qxd6 27.
Ne5 f6 28. Nc4 Qd4 29. Qb3 Qe4 30. Re1 Qc6 31. Qb5 Raa8 32. Qxc6 Rxc6 33. Red1
Kf7 34. Rd7+ Kg6 35. a5 Raa6 36. Kf1 h5 37. Rb1 1-0

[Event "II. CLANSKA LIGA ZAHOD 2025"]
[Site "Komenda"]
[Date "2025.11.16"]
[Round "5.4"]
[White "Bradac, Simon"]
[Black "Zupancic, Urban"]
[Result "1-0"]
[WhiteElo "1920"]
[BlackElo "2024"]
[PlyCount "113"]
[EventDate "2025.11.14"]
[WhiteTeam "SK RIMEX ILIRSKA BISTRICA"]
[BlackTeam "SD KRKA NOVO MESTO"]

1. c4 Nf6 2. Nf3 g6 3. g3 Bg7 4. Bg2 O-O 5. O-O d6 6. Nc3 Nc6 7. d3 e5 8. Rb1
a5 9. b3 Bf5 10. e4 Be6 11. Bb2 h6 12. Nb5 Qd7 13. d4 exd4 14. Nfxd4 Nxd4 15.
Bxd4 Rae8 16. e5 dxe5 17. Bc5 Bf5 18. Bxf8 Bxf8 19. Qxd7 Nxd7 20. Rbd1 c6 21.
Nd6 Bxd6 22. Rxd6 Kf8 23. Re1 Nc5 24. h4 h5 25. Bf1 Bd7 26. Rd2 Re7 27. Re3 Ke8
28. a3 f5 29. b4 axb4 30. axb4 Na6 31. b5 Nc5 32. Bg2 Re6 33. bxc6 Bxc6 34. Bd5
Re7 35. Bxc6+ bxc6 36. Rd6 Re6 37. Rxe6+ Nxe6 38. Rxe5 Ke7 39. f4 Kd6 40. Kf2
Nc5 41. Ke3 Nd7 42. Re8 Kc5 43. Kd3 Kb4 44. Rc8 Nc5+ 45. Kd4 Nb3+ 46. Ke5 Kc5
47. Kf6 Nd2 48. Kxg6 Nxc4 49. Kxh5 Nd6 50. Rc7 Kb6 51. Rd7 Ne4 52. Kg6 c5 53.
h5 c4 54. h6 c3 55. h7 c2 56. h8=Q c1=Q 57. Qb8+ 1-0

[Event "II. CLANSKA LIGA ZAHOD 2025"]
[Site "Komenda"]
[Date "2025.11.16"]
[Round "5.4"]
[White "Markocic, Spela"]
[Black "Rolih, Miran"]
[Result "0-1"]
[WhiteElo "1897"]
[BlackElo "1916"]
[PlyCount "102"]
[EventDate "2025.11.14"]
[WhiteTeam "SD KRKA NOVO MESTO"]
[BlackTeam "SK RIMEX ILIRSKA BISTRICA"]

1. e4 c5 2. Nf3 d6 3. d4 cxd4 4. Nxd4 Nf6 5. Nc3 a6 6. Be2 Qc7 7. O-O b5 8. f4
Bb7 9. Bf3 Nbd7 10. Re1 Rb8 11. Kh1 e6 12. h3 b4 13. Nb1 Be7 14. c3 d5 15. e5
Ne4 16. Bxe4 dxe4 17. cxb4 Bxb4 18. Bd2 Be7 19. Bc3 O-O 20. Nd2 Nc5 21. Re3 Nd3
22. Qf1 Bd5 23. Nxe4 Nxb2 24. Nd2 Rfc8 25. N2b3 Na4 26. Rc1 Qc4 27. Qxc4 Rxc4
28. Bd2 Rbc8 29. Ree1 Ba3 30. Rxc4 Rxc4 31. Kg1 h5 32. Kf2 Nc5 33. Rb1 Ne4+ 34.
Ke3 Nxd2 35. Kxd2 Bxg2 36. Kd3 Bd5 37. f5 exf5 38. Nxf5 Rf4 39. Nd6 Be6 40. Nd4
Bxh3 41. Ke3 Rf1 42. Rb8+ Kh7 43. Ke2 Rf4 44. Rb3 Bg4+ 45. Kd3 Bc5 46. Nc6 h4
47. Rc3 Rf3+ 48. Kd2 Rxc3 49. Kxc3 Be6 50. Ne4 h3 51. Nd4 h2 0-1

[Event "II. CLANSKA LIGA ZAHOD 2025"]
[Site "Komenda"]
[Date "2025.11.16"]
[Round "5.4"]
[White "Delost, Josko"]
[Black "Tesar, Jakob"]
[Result "1-0"]
[WhiteElo "1798"]
[BlackElo "1509"]
[PlyCount "83"]
[EventDate "2025.11.14"]
[WhiteTeam "SK RIMEX ILIRSKA BISTRICA"]
[BlackTeam "SD KRKA NOVO MESTO"]

1. d4 Nf6 2. Nf3 e6 3. Bg5 c5 4. c3 Nc6 5. e3 h6 6. Bh4 b6 7. h3 Bb7 8. Nbd2
Be7 9. Bd3 d5 10. Qe2 Ne4 11. Bxe7 Qxe7 12. Nxe4 dxe4 13. Bxe4 Nxd4 14. exd4
O-O 15. Bxb7 Qxb7 16. dxc5 bxc5 17. O-O Rab8 18. b3 Qe7 19. Ne5 Qf6 20. Nd7
Qxc3 21. Nxf8 Rxf8 22. Rfc1 Qf6 23. Rab1 Qf5 24. Qc2 Qf6 25. Qxc5 Rd8 26. Rd1
Rf8 27. Qxa7 Rc8 28. a4 Rc2 29. Qa8+ Kh7 30. Qe4+ Qf5 31. Qxf5+ exf5 32. b4 g5
33. b5 g4 34. hxg4 fxg4 35. g3 f5 36. b6 f4 37. gxf4 Kg6 38. b7 Kh5 39. b8=Q
Kh4 40. Qd8+ Kh3 41. Rb3+ g3 42. Rxg3# 1-0

[Event "II. CLANSKA LIGA ZAHOD 2025"]
[Site "Komenda"]
[Date "2025.11.16"]
[Round "5.5"]
[White "Kobal, Peter"]
[Black "Bratovic, Blaz"]
[Result "0-1"]
[WhiteElo "1894"]
[BlackElo "2292"]
[PlyCount "50"]
[EventDate "2025.11.14"]
[WhiteTeam "SD VRHNIKA"]
[BlackTeam "SD GORENJKA LESCE"]

1. e4 c5 2. Nf3 d6 3. d4 cxd4 4. Nxd4 Nf6 5. Nc3 Nc6 6. Bg5 e6 7. Be2 Be7 8.
Qd2 a6 9. O-O-O Bd7 10. f3 b5 11. Nxc6 Bxc6 12. Bf4 b4 13. Nb1 d5 14. Qe1 Qa5
15. e5 Nd7 16. Qg3 g5 17. Be3 Qxa2 18. f4 a5 19. fxg5 a4 20. Rhf1 a3 21. Bd4
Nc5 22. Rxf7 Kxf7 23. Bh5+ Kg7 24. g6 Ne4 25. Qg4 Bg5+ 0-1